| 000 | 00584nam a2200205Ia 4500 | ||
|---|---|---|---|
| 005 | 20230713120231.0 | ||
| 008 | 131103s9999 xx 000 0 und d | ||
| 040 | _aLoreto College | ||
| 041 | _aEnglish | ||
| 082 |
_a635.9 _bHER |
||
| 100 | _aHersey, Jean | ||
| 245 |
_aGarden in your window _cby Jean Hersey |
||
| 260 |
_aLondon _bAndrew Melrose _c1933 |
||
| 300 |
_axiv, 228 p. _b ill., fig. |
||
| 504 | _aIncludes index | ||
| 650 | _aFloriculture - | ||
| 651 | _aGarden crops (Horticulture) - Vegetables - Flowers and ornamental plants - | ||
| 850 | _aLCLIB | ||
| 942 | _cBK | ||
| 999 |
_c1236 _d51715 |
||